Масс-спектрометрическое изучение процессов термического и электрохимического разложения некоторых неорганических солей в конденсированном состоянии; Вторая Всесоюзнвя конференция по масс-спектрометрии

Bibliografske podrobnosti
Parent link:Вторая Всесоюзнвя конференция по масс-спектрометрии.— 1974.— С. 166-168
Drugi avtorji: Захаров Ю. А. Юрий Александрович, Шечков Г. Т., Исаев Р. Н., Баклыков С. П.
Izvleček:В фонде НТБ ТПУ отсутствует
Jezik:ruščina
Izdano: 1974
Teme:
Format: Book Chapter
KOHA link:https://koha.lib.tpu.ru/cgi-bin/koha/opac-detail.pl?biblionumber=602369

MARC

LEADER 00000naa0a2200000 4500
001 602369
005 20250228153339.0
035 |a (RuTPU)RU\TPU\tpu\28106 
090 |a 602369 
100 |a 20160112d1974 k y0rusy50 ca 
101 0 |a rus 
102 |a RU 
200 1 |a Масс-спектрометрическое изучение процессов термического и электрохимического разложения некоторых неорганических солей в конденсированном состоянии  |f Ю. А. Захаров [и др.] 
333 |a В фонде НТБ ТПУ отсутствует 
463 |t Вторая Всесоюзнвя конференция по масс-спектрометрии  |o тезисы докладов  |v С. 166-168  |d 1974 
610 1 |a труды учёных ТПУ 
701 1 |a Захаров  |b Ю. А.  |c российский химик  |c профессор Томского политехнического университета  |f 1938-  |g Юрий Александрович  |3 (RuTPU)RU\TPU\pers\19791 
701 1 |a Шечков  |b Г. Т. 
701 1 |a Исаев  |b Р. Н. 
701 1 |a Баклыков  |b С. П. 
801 1 |a RU  |b 63413507  |c 20160112 
942 |c BK